| 000 | 01936nam a2200409 c 4500 | ||
|---|---|---|---|
| 003 | BLK | ||
| 005 | 20250603114251.0 | ||
| 008 | 180408b bul|||||r ||||||| ||bul|| | ||
| 010 | _aKNG00063799000 | ||
| 020 |
_a978-954-375-035-1 _bиздат.: Театър ПАН |
||
| 040 | _aBLK | ||
| 041 |
_aBUL _cBUL |
||
| 072 | 7 |
_2bullib _aН85 _xДетска художествена литература Н |
|
| 080 |
_aБългарска литература _b821.163.2 _x-93-1 _z821.163.2-93-1 |
||
| 100 | 1 |
_aВазов, Иван Минчов _eпърви автор _9363396 |
|
| 700 | 1 |
_aСтоянова, Десислава _eподб. и ред. _9365294 |
|
| 700 |
_aСпасов, Спас Димитров _d1975- _9367219 |
||
| 139 |
_aЧестит Рожден Ден _bЧ 74 |
||
| 245 | 1 | 0 |
_aЧестит Рожден Ден _cИван Минчов Вазов; подб. и ред. Десислава Стоянова; худож. Спас Димитров Спасов. |
| 257 | _aBGR | ||
| 260 |
_аСофия _bТеатър ПАН _c2013 |
||
| 300 |
_a10 с. _bс цв. ил. _c24 см |
||
| 380 | _aDX | ||
| 490 | 1 |
_aСтихчета за най-малките _v16 |
|
| 500 | _aКор. опис. - Други авт. : Цв. Ангелов, Чичо Стоян, П. Ганчева, П. Р. Славейков, М. Йосифова, Н. Кехлибарева,Т. Ташев, Д. Габе, Ат. Цанков, Ран Босилек, Ив. Цанев, К. Назъров. | ||
| 653 | _aстихотворения за деца | ||
| 653 | _aрожден ден | ||
| 653 | _aдетска литература | ||
| 653 | _aлитература за деца | ||
| 659 | _aН | ||
| 852 | _aЦб 269732 | ||
| 856 | 4 |
_qpdf _u |
|
| 856 | 4 |
_qpdf _u |
|
| 942 |
_cKNG _n0 _05 |
||
| 944 |
_aCR _c10.07.2014 _lГрета Цуфелде _k30537 |
||
| 944 |
_aED _c28.01.2015 _lф / _kЛюдмила_Стоянова |
||
| 999 |
_c59685 _d59685 |
||